[Event "<1600 WORLD CUP blitz"]
[Site "SchemingMind.com"]
[Date "2009.09.15"]
[Round "-"]
[White "lumamo"]
[Black "TheTrainer"]
[Result "0-1"]
[WhiteCountry "ESP"]
[BlackCountry "USA"]
[WhiteElo "1360"]
[WhiteRD "78"]
[BlackElo "1328"]
[BlackRD "86"]
[GameID "219959"]

1. e4 e5 2. f4 d6 3. Nf3 Nc6 4. fxe5 dxe5 5. Bb5 Bd7 6. O-O Bc5+ 7. Kh1 f6 8. Nc3 a6 9. Bxc6 Bxc6 10. d3 Nh6
11. Bxh6 gxh6 12. Nh4 Rg8 13. Nf5 Rg6 14. Qh5 Qd7 15. Nxh6 O-O-O 16. Nf5 b5
0-1

[Event "<1600 WORLD CUP blitz"]
[Site "SchemingMind.com"]
[Date "2009.09.15"]
[Round "-"]
[White "lame wolf"]
[Black "lumamo"]
[Result "0-1"]
[WhiteCountry "INT"]
[BlackCountry "ESP"]
[WhiteElo "1070"]
[WhiteRD "60"]
[BlackElo "1583"]
[BlackRD "96"]
[GameID "219960"]

1. c4 e5 2. d4 exd4 3. Qxd4 Nc6 4. Qd1 Bb4+ 5. Bd2 Qf6 6. Qb3 Nd4 7. Qxb4 Nc2+ 8. Kd1 Nxb4 9. Bc3 Qf5 10. Na3 a5
11. Nf3 Nf6 12. e3 d5 13. Nh4 Qh5+ 14. Nf3 Bg4 15. Bxb4 Bxf3+ 16. Be2 Bxe2+
0-1

[Event "<1600 WORLD CUP blitz"]
[Site "SchemingMind.com"]
[Date "2009.09.16"]
[Round "-"]
[White "cool_dude"]
[Black "lumamo"]
[Result "0-1"]
[WhiteCountry "GBR"]
[BlackCountry "ESP"]
[WhiteElo "1343"]
[WhiteRD "140"]
[BlackElo "1583"]
[BlackRD "96"]
[GameID "219961"]

1. d4 Nf6 2. c4 d5 3. Nc3 dxc4 4. e3 Be6 5. Qa4+ Nc6 6. Bxc4 Bxc4 7. Qxc4 e6 8. Nf3 Bb4 9. Bd2 O-O 10. O-O Nd5
11. Nxd5 Bxd2 12. Nxc7 Qxc7 13. Nxd2 h6 14. Rac1 Rac8 15. d5 exd5 16. Qxd5 Rfd8
0-1

[Event "<1600 WORLD CUP blitz"]
[Site "SchemingMind.com"]
[Date "2009.09.16"]
[Round "-"]
[White "agoodhobby"]
[Black "lumamo"]
[Result "0-1"]
[WhiteCountry "USA"]
[BlackCountry "ESP"]
[WhiteElo "1373"]
[WhiteRD "63"]
[BlackElo "1583"]
[BlackRD "96"]
[GameID "219962"]

1. e4 e5 2. Nf3 Nc6 3. Bb5 d6 4. d4 a6 5. Bxc6+ bxc6 6. dxe5 Bg4 7. exd6 cxd6 8. O-O Nf6 9. Nc3 g6 10. e5 Bxf3
11. Qxf3 dxe5 12. Qxc6+ Nd7 13. Rd1 Ra7 14. Be3 Ra8 15. Bb6 Qc8 16. Qxc8+ Rxc8 17. Be3 Bg7 18. Rd6 Ra8 19. Rad1 Nf6 20. Nd5 Nxd5
21. R6xd5 O-O 22. f4 exf4 23. Bxf4 Bxb2 24. Rb1 Bg7 25. Bd2 Rfc8 26. c3 Bxc3 27. Bxc3 Rxc3 28. Ra5 Rc6 29. h4 h5 30. Kh2 Re8
31. g3 Re2+ 32. Kh3 Re3 33. Rb8+ Kg7 34. Ra8 Rcc3 35. R5xa6 Rxg3+ 36. Kh2 Rg4 37. Rd6 Rxh4+
0-1

[Event "<1600 WORLD CUP blitz"]
[Site "SchemingMind.com"]
[Date "2009.09.16"]
[Round "-"]
[White "OffTheTopRope"]
[Black "lumamo"]
[Result "1-0"]
[WhiteCountry "USA"]
[BlackCountry "ESP"]
[WhiteElo "1717"]
[WhiteRD "80"]
[BlackElo "1360"]
[BlackRD "78"]
[GameID "219963"]

1. e4 e5 2. Nc3 Nc6 3. Bc4 Nf6 4. d3 Bb4 5. Ne2 Nd4 6. O-O O-O 7. Nxd4 Bxc3 8. bxc3 exd4 9. cxd4 d6 10. Bg5 Be6
11. e5
1-0

[Event "<1600 WORLD CUP blitz"]
[Site "SchemingMind.com"]
[Date "2009.09.16"]
[Round "-"]
[White "dtedesco"]
[Black "lumamo"]
[Result "1-0"]
[WhiteCountry "CAN"]
[BlackCountry "ESP"]
[WhiteElo "1494"]
[WhiteRD "65"]
[BlackElo "1360"]
[BlackRD "78"]
[GameID "219964"]

1. e4 e5 2. f4 Qh4+ 3. g3 Qe7 4. Nc3 exf4 5. d4 fxg3 6. Bf4 gxh2 7. Nf3 d6 8. Bc4 Bg4 9. Rxh2 Bxf3 10. Qxf3 c6
11. d5 c5 12. Nb5 a6 13. Bxd6 Qd7 14. Nc7+ Kd8 15. Nxa8 Qxd6 16. Rh3 Nf6 17. O-O-O b5 18. Bf1 Nbd7 19. Re1
1-0

[Event "<1600 WORLD CUP blitz"]
[Site "SchemingMind.com"]
[Date "2009.09.16"]
[Round "-"]
[White "TheTrainer"]
[Black "lumamo"]
[Result "1-0"]
[WhiteCountry "USA"]
[BlackCountry "ESP"]
[WhiteElo "1328"]
[WhiteRD "86"]
[BlackElo "1360"]
[BlackRD "78"]
[GameID "219965"]

1. e4 e5 2. Nf3 Nc6 3. Bb5 d6 4. Bxc6+ bxc6 5. c4 Bg4 6. d3 Nf6 7. h3 Bxf3 8. Qxf3 h6 9. Nc3 c5 10. Bd2 Be7
11. Qg3 Nh5 12. Qh2 Bg5 13. Bxg5 Qxg5 14. g4 Nf4 15. O-O Nxd3 16. Nd5
1-0

[Event "<1600 WORLD CUP blitz"]
[Site "SchemingMind.com"]
[Date "2009.09.15"]
[Round "-"]
[White "jamesm_beatty"]
[Black "lame wolf"]
[Result "1-0"]
[WhiteCountry "USA"]
[BlackCountry "INT"]
[WhiteElo "1462"]
[WhiteRD "74"]
[BlackElo "1070"]
[BlackRD "60"]
[GameID "219996"]

1. e4 e5 2. Nf3 Nc6 3. Nc3 d6 4. Bb5 Bd7 5. d4 Bg4 6. h3 Bxf3 7. Qxf3 Qf6 8. d5 Qxf3 9. gxf3 a6 10. Bxc6+ bxc6
11. Be3 c5 12. O-O-O Ne7 13. f4 Ng6 14. fxe5 Nxe5 15. b3 Be7 16. Rdf1 c6 17. f4 O-O 18. fxe5 cxd5 19. exd6 Bxd6 20. Nxd5 Rae8
21. Bf4 Bxf4+ 22. Rxf4 Re5 23. h4 f5 24. Rhf1 fxe4 25. Rxf8#
1-0

[Event "<1600 WORLD CUP blitz"]
[Site "SchemingMind.com"]
[Date "2009.09.17"]
[Round "-"]
[White "jamesm_beatty"]
[Black "cool_dude"]
[Result "1-0"]
[WhiteCountry "USA"]
[BlackCountry "GBR"]
[WhiteElo "1451"]
[WhiteRD "68"]
[BlackElo "1306"]
[BlackRD "94"]
[GameID "219997"]

1. e4 e5 2. Nf3 d6 3. d4 exd4 4. Qxd4 Nf6 5. Bc4 Nc6 6. Qd3 Nb4 7. Qb3 Nc6 8. Bxf7+ Ke7 9. Bg5 Na5 10. Bxf6+ gxf6
11. Qd5 c6 12. Qh5 Qc7 13. Nh4 Bg7 14. Bb3 Nxb3 15. cxb3 Bd7 16. Nc3 Rhe8 17. O-O-O
1-0

[Event "<1600 WORLD CUP blitz"]
[Site "SchemingMind.com"]
[Date "2009.09.16"]
[Round "-"]
[White "jamesm_beatty"]
[Black "agoodhobby"]
[Result "1-0"]
[WhiteCountry "USA"]
[BlackCountry "USA"]
[WhiteElo "1462"]
[WhiteRD "74"]
[BlackElo "1373"]
[BlackRD "63"]
[GameID "219998"]

1. e4 c5 2. Nf3 d6 3. d4 cxd4 4. Nxd4 Nf6 5. Nc3 a6 6. Bc4 e6 7. Bf4 Nc6 8. a3 e5 9. Nxc6 bxc6 10. Bg5 Be7
11. Qf3 Bb7 12. O-O-O O-O 13. h4 h6 14. Bxf6 Bxf6 15. Rdg1 d5 16. exd5 cxd5 17. Nxd5 Bxd5 18. Bxd5
1-0

[Event "<1600 WORLD CUP blitz"]
[Site "SchemingMind.com"]
[Date "2009.09.15"]
[Round "-"]
[White "jamesm_beatty"]
[Black "OffTheTopRope"]
[Result "0-1"]
[WhiteCountry "USA"]
[BlackCountry "USA"]
[WhiteElo "1451"]
[WhiteRD "68"]
[BlackElo "1717"]
[BlackRD "80"]
[GameID "219999"]

1. e4 c5 2. Nf3 d6 3. d4 cxd4 4. Qxd4 a6 5. Qa4+ Bd7 6. Qb3 Qc7 7. Bc4 e6 8. Nc3 Nf6 9. O-O Nc6 10. Bg5 Na5
11. Qb4 d5 12. exd5 Bxb4 13. dxe6 Nxc4 14. exd7+ Qxd7 15. Rfe1+ Be7 16. Rad1 Qxd1 17. Rxd1 O-O 18. Nd5 Nxd5 19. Rxd5 Bxg5 20. Nxg5 Rfe8
21. Nf3 Re2 22. b3 Rxc2 23. bxc4 Rxc4 24. Rd7 Rc1+ 25. Ne1 Rxe1#
0-1

[Event "<1600 WORLD CUP blitz"]
[Site "SchemingMind.com"]
[Date "2009.09.16"]
[Round "-"]
[White "jamesm_beatty"]
[Black "dtedesco"]
[Result "0-1"]
[WhiteCountry "USA"]
[BlackCountry "CAN"]
[WhiteElo "1451"]
[WhiteRD "68"]
[BlackElo "1494"]
[BlackRD "65"]
[GameID "220000"]

1. e4 c5 2. Nf3 e6 3. d4 Nc6 4. Nc3 cxd4 5. Nxd4 Bc5 6. Nf3 d6 7. Bb5 Nf6 8. h3 O-O 9. Qd3 Re8 10. Bg5 h6
11. Bxf6 Qxf6 12. a3 Bd7 13. O-O-O a6 14. Bxa6 bxa6 15. e5 Nxe5 16. Qe4 Ra7 17. Rhe1 Bxf2 18. Re2 d5 19. Qb4 a5 20. Qd6 Nc4
21. Qc5 Bxc5
0-1

[Event "<1600 WORLD CUP blitz"]
[Site "SchemingMind.com"]
[Date "2009.09.15"]
[Round "-"]
[White "jamesm_beatty"]
[Black "TheTrainer"]
[Result "1-0"]
[WhiteCountry "USA"]
[BlackCountry "USA"]
[WhiteElo "1462"]
[WhiteRD "74"]
[BlackElo "1227"]
[BlackRD "101"]
[GameID "220001"]

1. e4 e5 2. Nf3 Nc6 3. Bc4 d6 4. d4 exd4 5. Nxd4 Nxd4 6. Qxd4 Be6 7. Nc3 c5 8. Bb5+ Bd7 9. Qa4 a6 10. Bxd7+ Qxd7
11. Bf4 b5 12. Qb3 O-O-O 13. Qd5 Nf6 14. Qa8+ Kc7 15. Qxa6 Rb8 16. e5 Rb6 17. Qa7+ Rb7 18. Qa5+ Rb6 19. exf6 gxf6 20. O-O-O Kc6
21. Nd5 Rb8 22. Qa6+ Rb6 23. Qxb6#
1-0

[Event "<1600 WORLD CUP blitz"]
[Site "SchemingMind.com"]
[Date "2009.09.16"]
[Round "-"]
[White "jamesm_beatty"]
[Black "lumamo"]
[Result "1-0"]
[WhiteCountry "USA"]
[BlackCountry "ESP"]
[WhiteElo "1451"]
[WhiteRD "68"]
[BlackElo "1360"]
[BlackRD "78"]
[GameID "220002"]

1. e4 e5 2. Nf3 Nc6 3. Bc4 h6 4. Nc3 Bb4 5. a3 Bxc3 6. dxc3 d6 7. Bb5 a6 8. Ba4 b5 9. Bb3 Be6 10. Bd5 Bxd5
11. Qxd5 Nge7 12. Qd3 O-O 13. Be3 Ng6 14. O-O-O Nce7 15. c4
1-0

[Event "<1600 WORLD CUP blitz"]
[Site "SchemingMind.com"]
[Date "2009.09.15"]
[Round "-"]
[White "lame wolf"]
[Black "jamesm_beatty"]
[Result "0-1"]
[WhiteCountry "INT"]
[BlackCountry "USA"]
[WhiteElo "1070"]
[WhiteRD "60"]
[BlackElo "1462"]
[BlackRD "74"]
[GameID "220003"]

1. g4 e5 2. d4 exd4 3. Qxd4 Nc6 4. Qd1 d5 5. h3 Nf6 6. Bg2 Bc5 7. Bg5 h6 8. Bxf6 Qxf6 9. Qxd5 Bxf2+ 10. Kd2 Qg5+
11. e3 Qxd5+ 12. Bxd5 O-O 13. Nf3 Re8 14. Ke2 Bxe3 15. Bxc6 bxc6 16. Nc3 Ba6+ 17. Ke1 Rad8 18. g5 Bxg5+ 19. Kf2 c5 20. Rad1 Bb7
21. Rxd8 Rxd8 22. Rd1 Re8 23. Nb5 Be3+ 24. Kg3 g5 25. Nxc7 Bf4+ 26. Kg4 Bxc7
0-1

[Event "<1600 WORLD CUP blitz"]
[Site "SchemingMind.com"]
[Date "2009.09.19"]
[Round "-"]
[White "cool_dude"]
[Black "jamesm_beatty"]
[Result "0-1"]
[WhiteCountry "GBR"]
[BlackCountry "USA"]
[WhiteElo "1306"]
[WhiteRD "94"]
[BlackElo "1451"]
[BlackRD "68"]
[GameID "220004"]

1. d4 Nf6 2. c4 d5 3. Nc3 dxc4 4. e3 Be6 5. Qa4+ Nc6 6. Bxc4 Bxc4 7. Qxc4 e6 8. Nf3 Bb4 9. O-O a6 10. a3 Bxc3
11. Qxc3 O-O 12. Qc2 Re8 13. Bd2 Qd5 14. Rac1 Ne4 15. Rfd1 h6
0-1

[Event "<1600 WORLD CUP blitz"]
[Site "SchemingMind.com"]
[Date "2009.09.16"]
[Round "-"]
[White "agoodhobby"]
[Black "jamesm_beatty"]
[Result "1-0"]
[WhiteCountry "USA"]
[BlackCountry "USA"]
[WhiteElo "1495"]
[WhiteRD "56"]
[BlackElo "1451"]
[BlackRD "68"]
[GameID "220005"]

1. e4 Nc6 2. d4 d5 3. e5 Bf5 4. Nf3 e6 5. Bb5 Ne7 6. O-O a6 7. Bxc6+ Nxc6 8. Bg5 f6 9. exf6 gxf6 10. Bf4 Nb4
11. Na3 Bg4 12. c3 Nc6 13. h3 Bf5 14. Nh4 Be4 15. f3 Bg6 16. Nxg6 hxg6 17. Rf2 e5 18. dxe5 fxe5 19. Re2 Bc5+ 20. Kh2 O-O
21. Bxe5 Re8 22. f4 g5 23. Qe1 gxf4 24. Bxf4 Bd6 25. Qg3+ Kf8 26. Rf1 Bxf4 27. Rxf4+ Qf6 28. Rxf6#
1-0

[Event "<1600 WORLD CUP blitz"]
[Site "SchemingMind.com"]
[Date "2009.09.15"]
[Round "-"]
[White "OffTheTopRope"]
[Black "jamesm_beatty"]
[Result "1-0"]
[WhiteCountry "USA"]
[BlackCountry "USA"]
[WhiteElo "1610"]
[WhiteRD "115"]
[BlackElo "1462"]
[BlackRD "74"]
[GameID "220006"]

1. d4 Nf6 2. c4 g6 3. Nc3 d5 4. Nf3 dxc4 5. e4 e6 6. Bxc4 Bb4 7. Qc2 c5 8. dxc5 Bxc5 9. e5 Ng4 10. O-O Nc6
11. Qe2 a6 12. h3 Nxf2 13. Be3 Bxe3 14. Qxe3 Nxh3+ 15. gxh3 b5 16. Qc5 Nxe5 17. Nxe5 Qd2 18. Rxf7 Qg5+ 19. Kh2 Qd2+ 20. Ne2 Bd7
21. Qe7#
1-0

[Event "<1600 WORLD CUP blitz"]
[Site "SchemingMind.com"]
[Date "2009.09.16"]
[Round "-"]
[White "dtedesco"]
[Black "jamesm_beatty"]
[Result "1-0"]
[WhiteCountry "CAN"]
[BlackCountry "USA"]
[WhiteElo "1494"]
[WhiteRD "65"]
[BlackElo "1451"]
[BlackRD "68"]
[GameID "220007"]

1. c4 Nf6 2. Nc3 e5 3. Nf3 Nc6 4. g3 d5 5. cxd5 Nxd5 6. Bg2 Be6 7. e4 Nf6 8. O-O Bc5 9. a3 Qd4 10. Nxd4 exd4
11. Nd5 O-O-O 12. Nxf6 gxf6 13. d3 f5 14. Bg5 Be7 15. Bxe7 Nxe7 16. b4 fxe4 17. Bxe4 Nd5 18. Qh5 Nc3 19. Rac1 f5 20. Bf3 Nb5
21. Qh4 Nxa3 22. Rfe1 Nb5 23. Rxe6
1-0

[Event "<1600 WORLD CUP blitz"]
[Site "SchemingMind.com"]
[Date "2009.09.15"]
[Round "-"]
[White "TheTrainer"]
[Black "jamesm_beatty"]
[Result "0-1"]
[WhiteCountry "USA"]
[BlackCountry "USA"]
[WhiteElo "1304"]
[WhiteRD "87"]
[BlackElo "1459"]
[BlackRD "74"]
[GameID "220008"]

1. e4 c5 2. Bc4 e5 3. Qf3 Nf6 4. d3 d6 5. Bg5 h6 6. Bxf6 Qxf6 7. Qxf6 gxf6 8. Nf3 Bg4 9. Ke2 f5 10. exf5 Bxf5
11. Nc3 Nc6 12. h4 f6 13. Rhg1 Bg4 14. a3 Nd4+ 15. Ke3 Nxc2+ 16. Kd2 Nxa1 17. Rxa1 Bxf3 18. gxf3 a6 19. a4 h5 20. Rg1 O-O-O
21. Be6+ Kb8 22. Nd5 Bh6+ 23. Ke2 Rde8 24. Bd7 Rhg8 25. Rxg8 Rxg8 26. Ne7 Rg7 27. Nc6+ Kc7 28. Be8 bxc6 29. Bxh5 Bf4 30. Bg4 Kb6
31. b3 Ka5 32. Kd1 Kb4 33. Kc2 Bh2 34. h5 Bg1 35. Bc8 Ka5 36. h6 Rh7 37. Bf5 Rxh6 38. Bd7 Kb6 39. Kc3 Rh4 40. Bg4 Bxf2
41. b4 Be1+ 42. Kb3 cxb4 43. Kc4 Rh2 44. Bf5 Ra2 45. Kb3 Ra3+ 46. Kc4 Rxa4 47. d4 Ra3 48. dxe5 fxe5 49. Be4 d5+ 50. Bxd5 cxd5+
51. Kxd5 Re3 52. Ke6 Bc3 53. Kd5 a5
0-1

[Event "<1600 WORLD CUP blitz"]
[Site "SchemingMind.com"]
[Date "2009.09.16"]
[Round "-"]
[White "lumamo"]
[Black "jamesm_beatty"]
[Result "0-1"]
[WhiteCountry "ESP"]
[BlackCountry "USA"]
[WhiteElo "1360"]
[WhiteRD "78"]
[BlackElo "1451"]
[BlackRD "68"]
[GameID "220009"]

1. e4 c5 2. f4 d5 3. e5 b6 4. Nf3 Bg4 5. Be2 g6 6. O-O Bh6 7. d4 e6 8. dxc5 bxc5 9. c4 Bxf3 10. Bxf3 Ne7
11. cxd5 Nxd5 12. Nc3 Nxf4 13. Qxd8+ Kxd8 14. Bxa8 Ke7 15. Bxf4 Bxf4
0-1

[Event "<1600 WORLD CUP blitz"]
[Site "SchemingMind.com"]
[Date "2009.09.17"]
[Round "-"]
[White "XTC"]
[Black "lame wolf"]
[Result "1-0"]
[WhiteCountry "COL"]
[BlackCountry "INT"]
[WhiteElo "1605"]
[WhiteRD "70"]
[BlackElo "1070"]
[BlackRD "60"]
[GameID "220195"]

1. e4 c5 2. Nf3 d5 3. Bb5+ Nc6 4. Nc3 dxe4 5. Nxe4 Bg4 6. O-O Bxf3 7. Qxf3 e6 8. d3 f5 9. Nc3 Ne7 10. Bg5 h6
11. Bxe7 Bxe7 12. Bxc6+
1-0

[Event "<1600 WORLD CUP blitz"]
[Site "SchemingMind.com"]
[Date "2009.09.17"]
[Round "-"]
[White "XTC"]
[Black "cool_dude"]
[Result "1-0"]
[WhiteCountry "COL"]
[BlackCountry "GBR"]
[WhiteElo "1628"]
[WhiteRD "56"]
[BlackElo "1306"]
[BlackRD "94"]
[GameID "220196"]

1. e4 e5 2. Nf3 d6 3. Bc4 Be7 4. d3 Nf6 5. c3 Bg4 6. O-O O-O 7. Nbd2 Nc6 8. h3 Bh5 9. Re1 Qd7 10. b4 a6
11. a4 Rfe8 12. Bb2 d5 13. exd5 Nxd5 14. Nxe5 Nxe5 15. Qxh5 Nxc4 16. Nxc4 b5 17. Ne5 g6 18. Nxd7 gxh5 19. c4 bxc4 20. dxc4 Nxb4
21. Bf6 Nc2 22. Bxe7 Nxa1 23. Nf6+ Kh8 24. Nxe8 Nc2 25. Bf6+ Kg8 26. Re2 Nb4 27. Nxc7 Rc8 28. Re8+ Rxe8 29. Nxe8 Kf8 30. Nc7
1-0

[Event "<1600 WORLD CUP blitz"]
[Site "SchemingMind.com"]
[Date "2009.09.17"]
[Round "-"]
[White "XTC"]
[Black "jamesm_beatty"]
[Result "1-0"]
[WhiteCountry "COL"]
[BlackCountry "USA"]
[WhiteElo "1628"]
[WhiteRD "56"]
[BlackElo "1451"]
[BlackRD "68"]
[GameID "220197"]

1. e4 e5 2. Nf3 Nc6 3. Bb5 a6 4. Ba4 Nf6 5. O-O Nxe4 6. d4 b5 7. Bb3 exd4 8. Nxd4 Nxd4 9. Qxd4 Nf6 10. Re1+ Be7
11. Bg5 O-O 12. Nd2 h6 13. Bh4 d5 14. c3 Re8 15. Bxf6 Bxf6 16. Rxe8+ Qxe8 17. Qxd5 Be6 18. Qb7 Bxb3 19. Nxb3 Qe2 20. Qxa8+ Kh7
21. Rb1 Qc2 22. Re1 Qxb2 23. Qe4+ g6 24. Qb1 Qxc3 25. g3 c5 26. Re3 Qb4 27. Qc1 c4 28. Na1 Bd4 29. Rf3 f6 30. Nc2 Qc5
31. Nxd4 Qxd4 32. Rf4 Qe5 33. Qc2 Qa1+ 34. Kg2
1-0

[Event "<1600 WORLD CUP blitz"]
[Site "SchemingMind.com"]
[Date "2009.09.17"]
[Round "-"]
[White "XTC"]
[Black "agoodhobby"]
[Result "1-0"]
[WhiteCountry "COL"]
[BlackCountry "USA"]
[WhiteElo "1605"]
[WhiteRD "70"]
[BlackElo "1373"]
[BlackRD "63"]
[GameID "220198"]

1. e4 c5 2. Nf3 Nc6 3. Bb5 g6 4. c3 Bg7 5. d4 cxd4 6. cxd4 a6 7. Bxc6 bxc6 8. O-O d5 9. exd5 cxd5 10. Nc3 e6
11. Be3 Ne7 12. Re1 O-O 13. Rc1 Qb6 14. b3 a5 15. Na4 Qb8 16. Qd2 Bd7 17. Nc5 Rd8 18. Bf4 Qb4 19. Ne5 Qxd2 20. Bxd2 Nf5
21. Nexd7 Bxd4 22. Bg5 Bxc5 23. Bxd8 Rxd8 24. Nxc5 Nd6 25. g3 h5 26. Nxe6
1-0

[Event "<1600 WORLD CUP blitz"]
[Site "SchemingMind.com"]
[Date "2009.09.17"]
[Round "-"]
[White "XTC"]
[Black "OffTheTopRope"]
[Result "1-0"]
[WhiteCountry "COL"]
[BlackCountry "USA"]
[WhiteElo "1628"]
[WhiteRD "56"]
[BlackElo "1717"]
[BlackRD "80"]
[GameID "220199"]

1. e4 d6 2. d4 Nf6 3. Nc3 g6 4. Nf3 Bg7 5. Be2 O-O 6. O-O c6 7. h3 Qc7 8. Be3 Nbd7 9. Qd2 b6 10. a3 Bb7
11. Rfe1 a6 12. Bf4 c5 13. dxc5 Nxc5 14. Rab1 Nfxe4 15. Nxe4 Nxe4 16. Qe3 e5 17. Bh2 d5 18. c3 d4 19. cxd4 exd4 20. Bxc7 dxe3
21. fxe3 b5 22. Bd3 Nc5 23. Red1 Rac8 24. Bd6 Rfd8 25. Bxc5 Rxc5 26. Bf1 Rcd5 27. Rxd5 Rxd5 28. b4 Rf5 29. Nd4 Rg5 30. g4 Rd5
31. Bg2 Rxd4 32. exd4 Bxg2 33. Kxg2 Bxd4 34. Rd1 Bb2 35. Rd3 Kf8 36. Kf2
1-0

[Event "<1600 WORLD CUP blitz"]
[Site "SchemingMind.com"]
[Date "2009.09.17"]
[Round "-"]
[White "XTC"]
[Black "dtedesco"]
[Result "1-0"]
[WhiteCountry "COL"]
[BlackCountry "CAN"]
[WhiteElo "1605"]
[WhiteRD "70"]
[BlackElo "1520"]
[BlackRD "73"]
[GameID "220200"]

1. e4 c5 2. Nf3 e6 3. d4 cxd4 4. Nxd4 Nc6 5. Nc3 Qc7 6. Be3 a6 7. Be2 Bb4 8. O-O Bxc3 9. bxc3 Nf6 10. f3 e5
11. Nf5 O-O 12. Bc5 Re8 13. Bc4 b5 14. Bb3 g6 15. Nd6 Rd8 16. Nxf7
1-0

[Event "<1600 WORLD CUP blitz"]
[Site "SchemingMind.com"]
[Date "2009.09.17"]
[Round "-"]
[White "XTC"]
[Black "TheTrainer"]
[Result "1-0"]
[WhiteCountry "COL"]
[BlackCountry "USA"]
[WhiteElo "1605"]
[WhiteRD "70"]
[BlackElo "1227"]
[BlackRD "101"]
[GameID "220201"]

1. e4 e5 2. Nf3 Nc6 3. Bb5 f6 4. Nc3 d6 5. d3 Bd7 6. O-O a6 7. Ba4 g6 8. Bd2 b5 9. Bb3 Nh6 10. h3 f5
11. exf5 gxf5 12. a3 Nd4 13. Nxd4 exd4 14. Qh5+ Ke7 15. Bg5#
1-0

[Event "<1600 WORLD CUP blitz"]
[Site "SchemingMind.com"]
[Date "2009.09.17"]
[Round "-"]
[White "XTC"]
[Black "lumamo"]
[Result "1-0"]
[WhiteCountry "COL"]
[BlackCountry "ESP"]
[WhiteElo "1628"]
[WhiteRD "56"]
[BlackElo "1360"]
[BlackRD "78"]
[GameID "220202"]

1. e4 e5 2. Nf3 Nc6 3. Bb5 d6 4. d4 Bd7 5. Nc3 Nf6 6. O-O a6 7. Bxc6 bxc6 8. Bg5 Be7 9. dxe5 Ng4 10. Bxe7 Qxe7
11. exd6 cxd6 12. Re1 O-O 13. h3 Ne5 14. Nxe5 Qxe5 15. Qd3 Be6 16. b3 c5 17. Rad1 Rfd8 18. Qe3 a5 19. f4 Qf6 20. e5 dxe5
21. fxe5 Qg6 22. Rxd8+ Rxd8 23. Ne4 Rd4 24. Nxc5 Bd5 25. g4
1-0

[Event "<1600 WORLD CUP blitz"]
[Site "SchemingMind.com"]
[Date "2009.09.17"]
[Round "-"]
[White "lame wolf"]
[Black "XTC"]
[Result "0-1"]
[WhiteCountry "INT"]
[BlackCountry "COL"]
[WhiteElo "1070"]
[WhiteRD "60"]
[BlackElo "1605"]
[BlackRD "70"]
[GameID "220203"]

1. c4 Nf6 2. d3 d5 3. c5 Nc6 4. Qc2 e5 5. Bg5 Be7 6. g3 O-O 7. Be3 d4 8. Bd2 Be6 9. b4 Bd5 10. f3 b6
11. e4 dxe3 12. Bxe3 Nxb4 13. Qg2 Bxa2 14. Nc3 Be6 15. Nge2 Nxd3+ 16. Kd1 Nf4+ 17. Kc2 Nxg2 18. Bxg2 Bf5+ 19. Kb3 Qd3 20. Bg5 Be6+
21. Kb2 Bxc5 22. Bxf6 Qd2+ 23. Kb1 Bf5+
0-1

[Event "<1600 WORLD CUP blitz"]
[Site "SchemingMind.com"]
[Date "2009.09.18"]
[Round "-"]
[White "cool_dude"]
[Black "XTC"]
[Result "0-1"]
[WhiteCountry "GBR"]
[BlackCountry "COL"]
[WhiteElo "1306"]
[WhiteRD "94"]
[BlackElo "1628"]
[BlackRD "56"]
[GameID "220204"]

1. d4 Nf6 2. c4 e6 3. Nc3 c5 4. e3 d5 5. cxd5 exd5 6. Nf3 Nc6 7. Bb5 Bd6 8. dxc5 Bxc5 9. Ne5 Bd7 10. Bxc6 Bxc6
11. O-O O-O 12. Nxc6 bxc6 13. Bd2 Re8 14. Qf3 Ne4 15. Rad1 Qb6 16. Na4 Nxd2 17. Rxd2 Qb4 18. Nc3 Rac8 19. a3 Qb6 20. Qf4 Re6
21. Rc2 Bd6 22. Qg4 g6 23. Rfc1 Be5 24. Nxd5 Qb8 25. Rxc6 Rcxc6 26. Ne7+ Rxe7 27. Rxc6 Qxb2 28. Qc8+ Kg7 29. g3 Qxa3 30. Qd8 a5
31. Rb6 Qc1+ 32. Kg2 Qc5 33. Ra6 Bc3 34. Ra8 Kh6 35. Qf8+ Bg7 36. Qb8 Be5 37. Qf8+ Bg7
0-1

[Event "<1600 WORLD CUP blitz"]
[Site "SchemingMind.com"]
[Date "2009.09.17"]
[Round "-"]
[White "jamesm_beatty"]
[Black "XTC"]
[Result "0-1"]
[WhiteCountry "USA"]
[BlackCountry "COL"]
[WhiteElo "1451"]
[WhiteRD "68"]
[BlackElo "1628"]
[BlackRD "56"]
[GameID "220205"]

1. e4 e5 2. Nf3 Nc6 3. d4 d6 4. Bb5 Bd7 5. Bxc6 Bxc6 6. Nc3 Nf6 7. Bg5 Be7 8. Bxf6 Bxf6 9. b3 O-O 10. Qd3 Qd7
11. O-O-O b6 12. dxe5 Be7 13. exd6 Qxd6 14. Nd5 Bxd5 15. Qxd5 Qa3+ 16. Kb1 Bf6 17. e5 Be7 18. e6 Bf6 19. Ne5 Bxe5 20. Qxe5 Qe7
21. Rhe1 fxe6 22. Qxe6+ Qxe6 23. Rxe6 Rxf2 24. Rd7 c5 25. Ree7 Rxg2 26. Rxa7 Rxa7 27. Rxa7 Rxh2 28. Rb7 Rh6 29. a4 Re6 30. Kb2 g5
31. c3 h5 32. Ka3 g4 33. b4 cxb4+ 34. cxb4 g3 35. Rc7 g2 36. Rc1 Rg6 37. Rg1 Rg3+ 38. Kb2 h4 39. a5 bxa5 40. bxa5 h3
41. a6 Rg7 42. Kb3 h2 43. Rxg2 Rxg2 44. a7 Rg3+ 45. Kb4 h1=Q 46. Kb5 Qb7+ 47. Kc5 Qxa7+ 48. Kc6 Rg6+ 49. Kb5 Qb7+ 50. Ka5 Qb6+
51. Ka4 Rg5 52. Ka3 Rg4
0-1

[Event "<1600 WORLD CUP blitz"]
[Site "SchemingMind.com"]
[Date "2009.09.17"]
[Round "-"]
[White "agoodhobby"]
[Black "XTC"]
[Result "0-1"]
[WhiteCountry "USA"]
[BlackCountry "COL"]
[WhiteElo "1373"]
[WhiteRD "63"]
[BlackElo "1605"]
[BlackRD "70"]
[GameID "220206"]

1. e4 e5 2. Nf3 Nc6 3. Bb5 a6 4. Ba4 Nf6 5. O-O Be7 6. Re1 b5 7. Bb3 d6 8. c3 O-O 9. h3 Bb7 10. d4 Re8
11. Nbd2 a5 12. d5 Na7 13. Nf1 a4 14. Bc2 c6 15. Ng3 cxd5 16. exd5 Bxd5 17. Qd3 Bxf3 18. Qxf3 Qc7 19. h4 d5 20. h5 e4
21. Qe3 Bd6 22. f3 Bxg3 23. Re2 Nxh5 24. fxe4 Bf4 25. Qh3 Bxc1 26. Rxc1 Nf4
0-1

[Event "<1600 WORLD CUP blitz"]
[Site "SchemingMind.com"]
[Date "2009.09.17"]
[Round "-"]
[White "OffTheTopRope"]
[Black "XTC"]
[Result "1-0"]
[WhiteCountry "USA"]
[BlackCountry "COL"]
[WhiteElo "1717"]
[WhiteRD "80"]
[BlackElo "1628"]
[BlackRD "56"]
[GameID "220207"]

1. e4 e5 2. Nf3 Nc6 3. Bb5 a6 4. Ba4 Nf6 5. O-O Be7 6. Re1 b5 7. Bb3 O-O 8. c3 d6 9. h3 Bb7 10. d4 Na5
11. Bc2 exd4 12. cxd4 c6 13. Bf4 Qb6 14. Nc3 Rad8 15. Qd3 c5 16. Nd5 Nxd5 17. exd5 g6 18. Rxe7 Bxd5 19. dxc5 dxc5 20. Bc7 Bc4
21. Qxd8
1-0